000 00415nam a2200145Ia 4500
003 OSt
005 20260119143352.0
008 211028s2013 xx 000 0 und d
040 _cAIMIT LIBRARY
041 _aeng
100 _aShetty, Sahana; Cyriac, Ann.
_g1116138
_97078
245 _aStudy on feasibility of identifying new sources of recruitment /
260 _aMangalore
_bAnn Cyriac
_c2013
942 _2ddc
_cPRO
999 _c218648
_d218648